Statistics for Austria Pre-EURO Squad 2016

Click here to take the quiz!

General Stats

  • This quiz has been taken 40 times
  • The average score is 18 of 24

Answer Stats

HintTeamAnswer% Correct
LBLeicester City FCChristian Fuchs
97%
CMFC Bayern MünchenDavid Alaba
97%
LMStoke City FCMarko Arnautovic
94%
STFC BaselMarc Janko
92%
GKFK Austria WienRobert Almer
89%
RMVfB StuttgartMartin Harnik
86%
CBFC WatfordSebastian Prödl
86%
CMSV Werder BremenZlatko Junuzovic
86%
CBDynamo KievAleksandar Dragovic
81%
CDM1. FSV Mainz 05Julian Baumgartlinger
81%
CBTottenham HotspurKevin Wimmer
81%
CMFC Schalke 04Alessandro Schöpf
78%
CBBorussia MönchengladbachMartin Hinteregger
78%
GKFC Ingolstadt 04Ramazan Özcan
72%
CDMRB LeipzigStefan Ilsanker
72%
LWRB LeipzigMarcel Sabitzer
69%
STTSV 1860 MünchenRubin Okotie
69%
RBVfB StuttgartFlorian Klein
67%
GKEintracht FrankfurtHeinz Lindner
67%
RBSV Darmstadt 98György Garics
58%
STFC Ingolstadt 04Lukas Hinterseer
58%
LBFC Ingolstadt 04Markus Suttner
56%
RWFC RB SalzburgValentino Lazaro
47%
LMFC LuzernJakob Jantscher
42%

Score Distribution

Percentile by Number Answered

Percent of People with Each Score

Your Score History

You have not taken this quiz